[Event "BCF-chT2a 1516 (4NCL)"]
[Site "England"]
[Date "2016.01.23"]
[Round "3.225"]
[White "Brett, Andrew"]
[Black "Way, Julian M"]
[Result "1-0"]
[WhiteElo "2098"]
[BlackElo "1991"]
[PlyCount "135"]
[EventDate "2015.11.14"]
[EventType "team-tourn"]
[EventRounds "7"]
[EventCountry "ENG"]
[SourceTitle "CBM 170 Extra"]
[Source "ChessBase"]
[SourceDate "2016.02.25"]
[SourceVersion "1"]
[SourceVersionDate "2016.02.25"]
[SourceQuality "1"]
[WhiteTeam "Barbican Youth"]
[BlackTeam "Celtic Tigers"]
[WhiteTeamCountry "ENG"]
[BlackTeamCountry "ENG"]

1. e4 d6 2. d4 Nf6 3. Nc3 e5 4. Nf3 Nbd7 5. Bc4 Be7 6. a4 0-0 7. 0-0 c6 8. Re1 Qc7 9. h3 b6 10. Nh4 Re8 11. Nf5 Bf8 12. Bg5 a6 13. Ba2 Bb7 14. dxe5 dxe5 15. Qf3 b5 16. Re3 b4 17. Nh6+ Kh8 18. Nxf7+ Kg8 19. Nd6+ Kh8 20. Nxe8 Rxe8 21. Ne2 c5 22. Ng3 c4 23. Qe2 Rc8 24. Rd1 Qc6 25. Re1 a5 26. Kh2 Ba6 27. c3 Qxa4 28. b3 Qc6 29. bxc4 bxc3 30. Rxc3 Bb4 31. Bd2 Bxc3 32. Bxc3 a4 33. Qb2 Rb8 34. Qa1 Qc5 35. f3 h5 36. h4 Kh7 37. Bd2 g6 38. Be3 Qa3 39. Bg5 Kg7 40. Rd1 Rb7 41. c5 Qxc5 42. Bd5 Ra7 43. Rc1 Qd4 44. Qa3 Nxd5 45. exd5 Qxd5 46. Qxa4 Nb6 47. Qe8 Nc4 48. Ne4 Rf7 49. Rb1 Bb7 50. Rb5 Qc6 51. Qxc6 Bxc6 52. Rc5 Bxe4 53. fxe4 Nb2 54. Rxe5 Nd3 55. Rd5 Nf2 56. e5 Rb7 57. e6 Ng4+ 58. Kg3 Rb3+ 59. Kf4 Rb4+ 60. Kf3 Rb3+ 61. Ke2 Rb2+ 62. Kd1 Nf2+ 63. Kc1 Re2 64. Rd7+ Kf8 65. Rd8+ Kg7 66. e7 Re1+ 67. Kb2 Re2+ 68. Ka3 1-0

[Event "BCF-chT2a 1516 (4NCL)"]
[Site "England"]
[Date "2015.11.14"]
[Round "1.217"]
[White "Baruch, Andrew JD"]
[Black "Way, Julian M"]
[Result "1/2-1/2"]
[WhiteElo "2074"]
[BlackElo "1987"]
[PlyCount "36"]
[EventDate "2015.11.14"]
[EventType "team-tourn"]
[EventRounds "7"]
[EventCountry "ENG"]
[SourceTitle "CBM 169 Extra"]
[Source "ChessBase"]
[SourceDate "2015.12.18"]
[SourceVersion "1"]
[SourceVersionDate "2015.12.18"]
[SourceQuality "1"]
[WhiteTeam "Warwicks Select"]
[BlackTeam "Celtic Tigers"]
[WhiteTeamCountry "ENG"]
[BlackTeamCountry "ENG"]

1. g3 c6 2. Bg2 Nf6 3. Nf3 d6 4. 0-0 Bg4 5. h3 Bxf3 6. exf3 e6 7. f4 Be7 8. d3 0-0 9. Nd2 Qc7 10. a4 a5 11. Nc4 Nbd7 12. Bd2 d5 13. Ne3 Rfe8 14. f5 Bf8 15. fxe6 fxe6 16. Ng4 Nxg4 17. Qxg4 Nf6 18. Qe2 Bd6 1/2-1/2

[Event "Coulsdon Jessie Gilbert 6th"]
[Site "Coulsdon"]
[Date "2013.08.24"]
[Round "10"]
[White "Way, Julian M"]
[Black "Berelowitsch, Alexander"]
[Result "0-1"]
[WhiteElo "1986"]
[BlackElo "2546"]
[PlyCount "76"]
[EventDate "2013.08.17"]
[EventType "swiss"]
[EventRounds "11"]
[EventCountry "ENG"]
[SourceTitle "CBM 156 Extra"]
[Source "ChessBase"]
[SourceDate "2013.10.22"]
[SourceVersion "1"]
[SourceVersionDate "2013.10.22"]
[SourceQuality "1"]

1. d4 c5 2. c3 d5 3. Nf3 Nf6 4. e3 Nbd7 5. Bd3 g6 6. Nbd2 Bg7 7. 0-0 0-0 8. Re1 Qc7 9. h3 b6 10. e4 cxd4 11. cxd4 dxe4 12. Nxe4 Bb7 13. Nc3 e6 14. Bg5 Rad8 15. Rc1 Qb8 16. Qe2 Qa8 17. Nb5 Bxf3 18. gxf3 Qd5 19. h4 h6 20. Bc4 Qb7 21. Bf4 Nd5 22. Bg3 N7f6 23. Be5 Qe7 24. Bd3 Nh5 25. Rc7 Nxc7 26. Bxc7 Qxh4 27. Qe4 Qg5+ 28. Kf1 Rd5 29. f4 Qg4 30. Qe3 a6 31. Be2 Qh4 32. Bf3 Rxb5 33. d5 exd5 34. Bd6 d4 35. Qd2 d3 36. b3 Rf5 37. Be7 Qh2 38. Bd6 Ng3+ 0-1

[Event "Coulsdon Jessie Gilbert 6th"]
[Site "Coulsdon"]
[Date "2013.08.19"]
[Round "3"]
[White "Way, Julian M"]
[Black "Morais, Vitor Mestre"]
[Result "1-0"]
[WhiteElo "1986"]
[BlackElo "1989"]
[PlyCount "89"]
[EventDate "2013.08.17"]
[EventType "swiss"]
[EventRounds "11"]
[EventCountry "ENG"]
[SourceTitle "CBM 156 Extra"]
[Source "ChessBase"]
[SourceDate "2013.10.22"]
[SourceVersion "1"]
[SourceVersionDate "2013.10.22"]
[SourceQuality "1"]

1. e4 Nf6 2. e5 Nd5 3. d4 d6 4. c4 Nb6 5. exd6 exd6 6. Nc3 Be7 7. Be3 Nc6 8. Be2 0-0 9. Nf3 Bg4 10. b3 Bf6 11. Rc1 Re8 12. 0-0 Qd7 13. Qd2 Rad8 14. Rfe1 d5 15. c5 Nc8 16. h3 Bh5 17. a3 Bg6 18. b4 a6 19. Bf1 h6 20. Rcd1 Be4 21. Nh2 Bf5 22. g4 Bh7 23. Bg2 N6e7 24. a4 c6 25. Bf1 Ng6 26. b5 axb5 27. axb5 Nf8 28. Ra1 Ne6 29. Ra8 Nxd4 30. Bxd4 Rxe1 31. Bxf6 Rde8 32. Bd4 R1e6 33. Ra2 f5 34. Ne2 fxg4 35. Nxg4 Qf7 36. Qc3 Be4 37. Ng3 Ne7 38. Ra7 Nf5 39. Nxf5 Bxf5 40. bxc6 Bxg4 41. Rxb7 R8e7 42. Rxe7 Qxe7 43. hxg4 Rxc6 44. Bg2 Qf7 45. Qb3 1-0

[Event "Coulsdon Jessie Gilbert 6th"]
[Site "Coulsdon"]
[Date "2013.08.18"]
[Round "2"]
[White "Feygin, Michael"]
[Black "Way, Julian M"]
[Result "1-0"]
[WhiteElo "2533"]
[BlackElo "1986"]
[PlyCount "49"]
[EventDate "2013.08.17"]
[EventType "swiss"]
[EventRounds "11"]
[EventCountry "ENG"]
[SourceTitle "CBM 156 Extra"]
[Source "ChessBase"]
[SourceDate "2013.10.22"]
[SourceVersion "1"]
[SourceVersionDate "2013.10.22"]
[SourceQuality "1"]

1. e4 g6 2. d4 Bg7 3. Nc3 d6 4. f4 e6 5. Nf3 a6 6. Bd3 Ne7 7. 0-0 b6 8. Be3 h6 9. Qd2 Nd7 10. Rae1 Nf6 11. Kh1 Ng4 12. Bg1 Bb7 13. f5 e5 14. h3 exd4 15. Nxd4 Be5 16. fxg6 Nxg6 17. Bc4 Rh7 18. Rf5 h5 19. Ref1 c5 20. Rxf7 cxd4 21. Rxh7 Nf6 22. Rxb7 Qc8 23. Bf7+ Kd8 24. Bxg6 dxc3 25. Bxb6+ 1-0

[Event "BCF-chT3 1213 (4NCL)"]
[Site "England"]
[Date "2013.03.24"]
[Round "8.158"]
[White "Kay, Jonathan"]
[Black "Way, Julian M"]
[Result "1-0"]
[WhiteElo "1958"]
[BlackElo "1969"]
[PlyCount "119"]
[EventDate "2012.11.03"]
[EventType "team-swiss"]
[EventRounds "11"]
[EventCountry "ENG"]
[SourceTitle "EXT 2014"]
[Source "ChessBase"]
[SourceDate "2013.11.20"]
[SourceVersion "1"]
[SourceVersionDate "2013.11.20"]
[SourceQuality "1"]
[WhiteTeam "Fermented Sharks"]
[BlackTeam "Celtic Tigers"]
[WhiteTeamCountry "ENG"]
[BlackTeamCountry "ENG"]

1. d4 d5 2. Nf3 Nf6 3. Bf4 e6 4. e3 Bd6 5. Ne5 0-0 6. Nd2 c6 7. Bd3 Qc7 8. c3 Nbd7 9. Ndf3 Ne4 10. Nxd7 Bxd7 11. Bxd6 Nxd6 12. 0-0 f5 13. Ne5 Nf7 14. Nxf7 Rxf7 15. f4 c5 16. c4 cxd4 17. cxd5 dxe3 18. dxe6 Bxe6 19. Qe2 Qb6 20. Rfe1 Rd8 21. Qxe3 Rxd3 22. Qxb6 axb6 23. Rxe6 Rc7 24. Re2 Kf7 25. Rae1 g6 26. Kf2 b5 27. g3 b4 28. b3 h6 29. h4 Rd6 30. Kf3 Rc3+ 31. Kf2 Kf6 32. Re7 b6 33. Rb7 g5 34. Rh7 Kg6 35. Ree7 Rc2+ 36. Ke1 Kh5 37. hxg5 Kg4 38. Rxh6 Rd3 39. Re2 Rc1+ 40. Kf2 Rf3+ 41. Kg2 Rxg3+ 42. Kh2 Rcg1 43. Rf2 Rc1 44. Rxb6 Rh3+ 45. Kg2 Rhh1 46. Rd2 Rcg1+ 47. Kf2 Rg3 48. Re2 Rf3+ 49. Kg2 Rff1 50. Rbe6 Rfg1+ 51. Kf2 Kxf4 52. g6 Rg4 53. Rb6 Rh2+ 54. Kf1 Rh1+ 55. Kf2 Rh2+ 56. Kf1 Rxe2 57. Kxe2 Kg3 58. Kf1 f4 59. Rd6 f3 60. Kg1 1-0

[Event "Coulsdon Jessie Gilbert 4th"]
[Site "Coulsdon"]
[Date "2011.08.20"]
[Round "1"]
[White "Way, Julian M"]
[Black "Rizvi, Nasir"]
[Result "1-0"]
[WhiteElo "1878"]
[BlackElo "2066"]
[PlyCount "105"]
[EventDate "2011.08.20"]
[EventType "swiss"]
[EventRounds "9"]
[EventCountry "ENG"]
[SourceTitle "CBM 144 Extra"]
[Source "ChessBase"]
[SourceDate "2011.10.28"]
[SourceVersion "1"]
[SourceVersionDate "2011.10.28"]
[SourceQuality "1"]

1. d4 Nf6 2. Bf4 g6 3. Nf3 Bg7 4. e3 d6 5. h3 0-0 6. Be2 Nbd7 7. 0-0 b6 8. Nbd2 Bb7 9. Bh2 Re8 10. a4 a6 11. c3 e5 12. Qc2 e4 13. Ne1 h5 14. b4 Nf8 15. Rb1 g5 16. Qd1 h4 17. c4 Bc8 18. f3 exf3 19. Bxf3 d5 20. Be5 N8d7 21. Bxd5 Nxd5 22. Bxg7 Kxg7 23. cxd5 Rxe3 24. Qh5 f6 25. Nef3 Qe8 26. Qxe8 Rxe8 27. Rbc1 Ra7 28. Rc3 Nf8 29. Rfc1 Bf5 30. Rxc7+ Rxc7 31. Rxc7+ Kg6 32. Rc6 Nd7 33. a5 bxa5 34. bxa5 Bd3 35. Nb3 Kh5 36. Nc5 Nxc5 37. dxc5 f5 38. Re6 Rc8 39. c6 Bc4 40. Re5 Kg6 41. Nd2 Bd3 42. Kf2 g4 43. Ke3 Bb5 44. Kf4 gxh3 45. gxh3 Bd3 46. Re6+ Kf7 47. Nf3 Bf1 48. Ke5 Bg2 49. Ng5+ Kg7 50. Re7+ Kf8 51. Rb7 Re8+ 52. Ne6+ Kg8 53. Rg7+ 1-0

[Event "SCO-ch 118th"]
[Site "Edinburgh"]
[Date "2011.07.12"]
[Round "4"]
[White "Will, Douglas"]
[Black "Way, Julian M"]
[Result "1/2-1/2"]
[WhiteElo "1946"]
[BlackElo "1878"]
[PlyCount "81"]
[EventDate "2011.07.09"]
[EventType "swiss"]
[EventRounds "9"]
[EventCountry "SCO"]
[SourceTitle "CBM 143 Extra"]
[Source "ChessBase"]
[SourceDate "2011.08.29"]
[SourceVersion "1"]
[SourceVersionDate "2011.08.29"]
[SourceQuality "1"]

1. e4 d5 2. d4 c6 3. Nc3 dxe4 4. f3 e3 5. Bxe3 Nf6 6. Bd3 g6 7. Nge2 Nbd7 8. 0-0 Bg7 9. Qd2 0-0 10. Bh6 c5 11. Bxg7 Kxg7 12. Bb5 a6 13. Bxd7 Qxd7 14. Rad1 cxd4 15. Qxd4 Qxd4+ 16. Rxd4 e5 17. Rd2 Be6 18. Rfd1 Rac8 19. Ng3 Rc7 20. Nge4 Nxe4 21. Nxe4 h6 22. a3 g5 23. b3 a5 24. b4 axb4 25. axb4 Ra8 26. Nc5 Bf5 27. g4 b6 28. gxf5 bxc5 29. b5 c4 30. Rd6 Ra2 31. Rc6 Rb7 32. Rxc4 Rxb5 33. Rd7 Rb1+ 34. Kg2 Rc1 35. Rdc7 Rd1 36. R4c6 Rd2+ 37. Kg3 Ra1 38. Rg6+ Kf8 39. Rf6 Rg1+ 40. Kh3 Rf2 41. Rcxf7+ 1/2-1/2

[Event "BCF-chT3 1011 (4NCL)"]
[Site "England"]
[Date "2011.01.15"]
[Round "3.32"]
[White "Pedersen, Carsten"]
[Black "Way, Julian M"]
[Result "1-0"]
[WhiteElo "2163"]
[BlackElo "2122"]
[PlyCount "83"]
[EventDate "2010.11.06"]
[EventType "team-swiss"]
[EventRounds "9"]
[EventCountry "ENG"]
[SourceTitle "EXT 2012"]
[Source "ChessBase"]
[SourceDate "2011.11.24"]
[SourceVersion "1"]
[SourceVersionDate "2011.11.24"]
[SourceQuality "1"]
[WhiteTeam "Celtic Tigers"]
[BlackTeam "Guildford A&DC III"]
[WhiteTeamCountry "ENG"]
[BlackTeamCountry "ENG"]

1. e4 d5 2. exd5 Qxd5 3. Nc3 Qa5 4. d4 Nf6 5. Nf3 c6 6. Bc4 Bf5 7. Bd2 e6 8. Qe2 Bb4 9. 0-0-0 0-0 10. a3 Bxc3 11. Bxc3 Qc7 12. Ne5 Nbd7 13. f3 Nd5 14. Bd2 Nxe5 15. dxe5 b5 16. Ba2 c5 17. g4 Bg6 18. Bxd5 exd5 19. h4 d4 20. h5 Bxc2 21. Kxc2 a5 22. Bc1 Qb6 23. h6 g6 24. Qe4 b4 25. axb4 axb4 26. b3 c4 27. bxc4 b3+ 28. Kb1 Qa6 29. Bb2 Rac8 30. Rxd4 Qa2+ 31. Kc1 Qa6 32. Rhd1 Qe6 33. Qd5 Qe7 34. Kb1 Ra8 35. Qd6 Qa7 36. R1d3 Qa2+ 37. Kc1 Qa7 38. Kb1 Rab8 39. Qd5 Ra8 40. e6 f6 41. e7+ Rf7 42. Qd8+ 1-0

[Event "BCF-ch"]
[Site "Swansea"]
[Date "1987.??.??"]
[Round "?"]
[White "Motwani, Paul"]
[Black "Way, Julian M"]
[Result "1-0"]
[WhiteElo "2425"]
[BlackElo "2230"]
[PlyCount "63"]
[EventDate "1987.08.??"]
[EventType "swiss"]
[EventRounds "11"]
[EventCountry "WLS"]
[SourceTitle "TD"]
[Source "ChessBase"]
[SourceDate "1994.03.01"]
[SourceVersion "1"]
[SourceVersionDate "1994.03.01"]
[SourceQuality "1"]

1. e4 c5 2. Nf3 e6 3. d4 cxd4 4. Nxd4 Nf6 5. Nc3 d6 6. g4 h6 7. h4 Nc6 8. Rg1 h5 9. gxh5 Nxh5 10. Bg5 Nf6 11. Be2 a6 12. Qd2 Qb6 13. Nb3 Qc7 14. 0-0-0 Bd7 15. h5 Be7 16. Bf4 Ne5 17. Rxg7 b5 18. a3 Nc4 19. Qd3 Bf8 20. h6 Bc6 21. Nd4 Bxg7 22. hxg7 Rg8 23. Qh3 Ne5 24. Nxe6 Qc8 25. Bxe5 Qxe6 26. Qxe6+ fxe6 27. Bxf6 Kf7 28. e5 dxe5 29. Bxe5 Rad8 30. Bh5+ Ke7 31. Rxd8 Rxd8 32. Bg6 1-0

[Event "BCF-ch"]
[Site "Swansea"]
[Date "1987.??.??"]
[Round "?"]
[White "Thipsay, Bagyashree Sathe"]
[Black "Way, Julian M"]
[Result "1/2-1/2"]
[WhiteElo "2190"]
[BlackElo "2230"]
[PlyCount "96"]
[EventDate "1987.08.??"]
[EventType "swiss"]
[EventRounds "11"]
[EventCountry "WLS"]
[SourceTitle "TD"]
[Source "ChessBase"]
[SourceDate "1994.03.01"]
[SourceVersion "1"]
[SourceVersionDate "1994.03.01"]
[SourceQuality "1"]

1. e4 c5 2. c3 e6 3. d4 d5 4. exd5 exd5 5. Bb5+ Nc6 6. Qe2+ Qe7 7. dxc5 Qxe2+ 8. Nxe2 Bxc5 9. Nd2 a6 10. Bxc6+ bxc6 11. Nb3 Be7 12. Be3 Rb8 13. 0-0-0 Nf6 14. f3 0-0 15. Bc5 Bxc5 16. Nxc5 Nd7 17. Nxd7 Bxd7 18. Nf4 Bf5 19. Ne2 Be6 20. Rhe1 Rfe8 21. Nf4 Rbc8 22. b4 c5 23. Kb2 cxb4 24. cxb4 Rc4 25. Nxd5 Kf8 26. a3 Rec8 27. Re2 R8c6 28. g3 a5 29. bxa5 R6c5 30. Nb4 Rxa5 31. Rc2 g5 32. Rxc4 Bxc4 33. Rd8+ Kg7 34. Re8 Ra7 35. Re4 Be6 36. Re3 h5 37. Nc2 Rd7 38. Kc3 Rd1 39. Nd4 Rc1+ 40. Kd2 Ra1 41. Nxe6+ fxe6 42. h4 gxh4 43. gxh4 Kf6 44. Rb3 e5 45. Ke3 Kf5 46. Kf2 Ra2+ 47. Kg3 Ra1 48. Rc3 Ra2 1/2-1/2

[Event "Politiken Cup 09th "]
[Site "Copenhagen"]
[Date "1987.??.??"]
[Round "6"]
[White "Way, Julian M"]
[Black "Hutters, Tomas"]
[Result "0-1"]
[WhiteElo "2300"]
[BlackElo "2335"]
[PlyCount "70"]
[EventDate "1987.06.??"]
[EventType "swiss"]
[EventRounds "10"]
[EventCountry "DEN"]
[SourceTitle "EXT 1997"]
[Source "ChessBase"]
[SourceDate "1996.11.15"]
[SourceVersion "1"]
[SourceVersionDate "1996.11.15"]
[SourceQuality "1"]

1. d4 Nf6 2. c4 g6 3. Nc3 Bg7 4. e4 0-0 5. Nge2 d6 6. Ng3 c5 7. d5 e6 8. Be2 exd5 9. cxd5 Nbd7 10. 0-0 a6 11. a4 Rb8 12. f4 Re8 13. Qc2 Qc7 14. Kh1 c4 15. a5 b5 16. axb6 Nxb6 17. Na4 Bd7 18. Nxb6 Qxb6 19. Qxc4 Bb5 20. Qc2 Rbc8 21. Qb3 Nxe4 22. Nxe4 Rxe4 23. Bf3 Qf2 24. Qd1 Bxf1 25. Bxe4 Rc2 26. Bd2 Bxg2+ 27. Bxg2 Rxd2 28. Qf1 Qh4 29. Rxa6 Bxb2 30. Ra8+ Kg7 31. Re8 Rf2 32. Qe1 Qxf4 33. Re4 Qf6 34. h3 Rc2 35. Re2 Rc1 0-1

[Event "BCF-ch"]
[Site "Swansea"]
[Date "1987.??.??"]
[Round "?"]
[White "Way, Julian M"]
[Black "Nicholson, John G"]
[Result "1/2-1/2"]
[WhiteElo "2230"]
[BlackElo "2300"]
[PlyCount "59"]
[EventDate "1987.08.??"]
[EventType "swiss"]
[EventRounds "11"]
[EventCountry "WLS"]
[SourceTitle "TD"]
[Source "ChessBase"]
[SourceDate "1994.03.01"]
[SourceVersion "1"]
[SourceVersionDate "1994.03.01"]
[SourceQuality "1"]

1. c4 Nf6 2. Nc3 d5 3. cxd5 Nxd5 4. g3 g6 5. Bg2 Nb6 6. Nf3 Bg7 7. 0-0 0-0 8. d3 Nc6 9. a3 h6 10. Be3 e5 11. Rc1 Be6 12. Ne4 Nd4 13. Nc5 Bd5 14. Bxd4 exd4 15. Qd2 Re8 16. Nh4 Rb8 17. Be4 Bxe4 18. dxe4 Nd7 19. f3 Nxc5 20. Rxc5 b6 21. Rc6 Kh7 22. Rfc1 Rc8 23. Qc2 Re7 24. f4 d3 25. exd3 Qd4+ 26. Kf1 Qxb2 27. Qxb2 Bxb2 28. R1c2 Bd4 29. Nf3 Bc5 30. a4 1/2-1/2